A Gallery of turned objects /

Bibliographic Details
Other Authors: LeCoff, Albert B., 1950-
Format: Book
Language:English
Published: Provo, UT : Brigham Young University Press, [1981]
Subjects:

MARC

Tag First Indicator Second Indicator Subfields
LEADER 00000cam a22000008a 4500
001 in00000073582
005 20151008053526.0
008 810617s1981 utua c 00000 eng
010 |a  81010187  
020 |a 0842519785 :  |c $9.95 
035 |a (OCoLC)07652801 
035 |9 AAH7722AM 
040 |a DLC  |c DLC  |d TXA  |d UtOrBLW 
049 |a TXAM  |c [985345] 
050 0 0 |a TT201  |b .G34 
082 0 |a 684/.083  |2 19 
245 0 2 |a A Gallery of turned objects /  |c edited by Albert Le Coff ; photography by Bobby Hanson. 
263 |a 8108 
264 1 |a Provo, UT :  |b Brigham Young University Press,  |c [1981] 
264 4 |c ©1981 
300 |a vi, 98 pages :  |b chiefly illustrations ;  |c 26 cm. 
336 |a text  |b txt  |2 rdacontent 
337 |a unmediated  |b n  |2 rdamedia 
338 |a volume  |b nc  |2 rdacarrier 
500 |a Catalog of an exhibition to be held in conjunction with the 10th Woodturning Symposium, Sept. 11-13, 1981, at Philadelphia, Pa. 
650 0 |a Turning (Lathe work)  |v Exhibitions. 
700 1 |a LeCoff, Albert B.,  |d 1950- 
999 |a MARS 
999 f f |s f01f5932-1cd3-3b39-b008-940f46ec115b  |i 88a8b71c-fa28-318c-b836-ca75d8c9a577  |t 0 
952 f f |p ric  |a Texas A&M University  |b Rellis Campus  |c Joint Library Facility  |d Remote Storage  |t 0  |e TT201 .G34  |h Library of Congress classification  |i unmediated -- volume  |m A14806259442 
998 f f |a TT201 .G34  |t 0  |l Remote Storage